| 000 | 00618cam a2200205 4500500 | ||
|---|---|---|---|
| 005 | 20260405002132.0 | ||
| 041 | _afre | ||
| 042 | _adc | ||
| 100 | 1 | 0 |
_aHuneman, Philippe _eauthor |
| 245 | 0 | 0 | _aIlluminati. Un complot mondial à l’état pur |
| 260 | _c2016. | ||
| 500 | _a19 | ||
| 690 | _aComplot | ||
| 690 | _aComplotisme | ||
| 690 | _aConspirationnisme | ||
| 690 | _aIlluminati | ||
| 690 | _aphilosophie | ||
| 786 | 0 | _nPhilosophie magazine | 96 | 2 | 2016-02-01 | p. 20-20 | 1951-1787 | |
| 856 | 4 | 1 | _uhttps://shs.cairn.info/magazine-philosophie-magazine-2016-2-page-20?lang=fr&redirect-ssocas=7080 |
| 999 |
_c2054617 _d2054617 |
||